[Event "Warsaw Maciei Memorial"]
[Site "Warsaw"]
[Date "2022.07.08"]
[Round "8"]
[White "Hryszkiewicz, Michal"]
[Black "Socko, Monika"]
[Result "0-1"]
[WhiteElo "1815"]
[BlackElo "2416"]
[PlyCount "78"]
[EventDate "2022.07.08"]
[EventType "swiss (blitz)"]
[EventRounds "11"]
[EventCountry "POL"]
[SourceTitle "CBM 209 Extra"]
[Source "ChessBase"]
[SourceDate "2022.09.30"]
[SourceVersion "1"]
[SourceVersionDate "2022.09.30"]
[SourceQuality "1"]

1. d4 e6 2. Bf4 b6 3. e3 Bb7 4. Nf3 Nf6 5. Nbd2 c5 6. c3 Be7 7. Bd3 0-0 8. h3 d6 9. 0-0 Nbd7 10. Bh2 Re8 11. e4 Bf8 12. Re1 e5 13. d5 g6 14. a4 a6 15. Nc4 Qc7 16. Qb3 Bg7 17. Nfd2 Nh5 18. g4 Nf4 19. Bxf4 exf4 20. f3 Rab8 21. Be2 Bc8 22. Kg2 Nf8 23. Rh1 h5 24. Qc2 Nh7 25. Nf1 Qe7 26. Qd2 Be5 27. Nxe5 Qxe5 28. Rb1 f5 29. gxh5 fxe4 30. hxg6 Ng5 31. Rg1 exf3+ 32. Bxf3 Bxh3+ 33. Kf2 Nxf3 34. Kxf3 Qe4+ 35. Kf2 Qxb1 36. Nh2 Qe4 37. Re1 Qxe1+ 38. Qxe1 Rxe1 39. Kxe1 Kg7 0-1

[Event "Warsaw Szansa Rapid op"]
[Site "Warsaw"]
[Date "2021.09.11"]
[Round "7"]
[White "Mis, Mieszko"]
[Black "Hryszkiewicz, Michal"]
[Result "1-0"]
[WhiteElo "2347"]
[BlackElo "1815"]
[PlyCount "52"]
[EventDate "2021.09.11"]
[EventType "swiss (rapid)"]
[EventRounds "9"]
[EventCountry "POL"]
[SourceTitle "CBM 204 Extra"]
[Source "ChessBase"]
[SourceDate "2021.11.30"]
[SourceVersion "1"]
[SourceVersionDate "2021.11.30"]
[SourceQuality "1"]

1. d4 d5 2. c4 e6 3. Nf3 c6 4. Qc2 Nf6 5. g3 dxc4 6. Qxc4 Nbd7 7. Bg2 Be7 8. 0-0 0-0 9. Qc2 c5 10. Rd1 cxd4 11. Nxd4 a6 12. Nc3 Qc7 13. Bf4 e5 14. Nf5 Bb4 15. Bd2 Nb6 16. Rac1 Be6 17. Bg5 Bxc3 18. Bxf6 gxf6 19. bxc3 Rad8 20. Qe4 Rxd1+ 21. Rxd1 Kh8 22. Qh4 Bxf5 23. Qxf6+ Kg8 24. Qxf5 f6 25. Be4 a5 26. Rb1 Nc4 1-0

[Event "Warsaw Szansa Blitz op"]
[Site "Warsaw"]
[Date "2021.09.10"]
[Round "6"]
[White "Hryszkiewicz, Michal"]
[Black "Mis, Mieszko"]
[Result "0-1"]
[WhiteElo "1815"]
[BlackElo "2347"]
[PlyCount "62"]
[EventDate "2021.09.10"]
[EventType "swiss (blitz)"]
[EventRounds "11"]
[EventCountry "POL"]
[SourceTitle "CBM 204 Extra"]
[Source "ChessBase"]
[SourceDate "2021.11.30"]
[SourceVersion "1"]
[SourceVersionDate "2021.11.30"]
[SourceQuality "1"]

1. d4 Nf6 2. Bf4 c5 3. e3 d5 4. c3 Nc6 5. Nd2 Bf5 6. dxc5 e5 7. Bg5 Bxc5 8. Ngf3 0-0 9. Be2 h6 10. Bh4 Be7 11. 0-0 Nd7 12. Bxe7 Qxe7 13. Re1 Rfd8 14. Bb5 Nc5 15. Nb3 Ne4 16. Qe2 Nd6 17. Bxc6 bxc6 18. Nc5 Nb5 19. c4 Nd6 20. cxd5 cxd5 21. b4 Bg4 22. h3 Bh5 23. Qb2 Nc4 24. Qc3 Bxf3 25. gxf3 Qg5+ 26. Kh2 Qf5 27. e4 Qf4+ 28. Kg2 Rd6 29. Nd3 Rg6+ 30. Kf1 Qxf3 31. Re3 Nxe3+ 0-1

[Event "Warsaw Maciei Memorial"]
[Site "Warsaw"]
[Date "2021.07.09"]
[Round "4"]
[White "Hryszkiewicz, Michal"]
[Black "Bartel, Michal"]
[Result "0-1"]
[WhiteElo "1815"]
[BlackElo "2246"]
[PlyCount "70"]
[EventDate "2021.07.09"]
[EventType "swiss (blitz)"]
[EventRounds "11"]
[EventCountry "POL"]
[SourceTitle "CBM 203 Extra"]
[Source "ChessBase"]
[SourceDate "2021.09.30"]
[SourceVersion "1"]
[SourceVersionDate "2021.09.30"]
[SourceQuality "1"]

1. d4 Nf6 2. Bf4 c5 3. e3 Qb6 4. Nc3 d5 5. Nf3 Bg4 6. Nb5 Na6 7. a4 e6 8. c3 Be7 9. Bd3 0-0 10. Qc2 Rfc8 11. Ne5 Bh5 12. 0-0 cxd4 13. exd4 Nb4 14. Qd2 Nxd3 15. Qxd3 a6 16. Na3 Qxb2 17. Rfb1 Qxc3 18. Bc1 Qxd3 19. Nxd3 Bg6 20. Rb3 Rc7 21. Bf4 Rd7 22. Ne5 Rdd8 23. Rxb7 Bf8 24. Nxg6 hxg6 25. Nc2 Rdc8 26. Ne3 Ne4 27. f3 Nc3 28. Kf2 f6 29. h4 a5 30. h5 gxh5 31. Bg3 Bb4 32. Nd1 Nxd1+ 33. Rxd1 Rc2+ 34. Ke3 Rac8 35. Bf2 R8c3+ 0-1

[Event "Szachylice op"]
[Site "Szachylice"]
[Date "2010.01.02"]
[Round "8.1"]
[White "Hryszkiewicz, Michal"]
[Black "Adamski, Jan"]
[Result "1/2-1/2"]
[WhiteElo "1800"]
[BlackElo "2280"]
[PlyCount "27"]
[EventDate "2009.12.27"]
[EventType "swiss"]
[EventRounds "9"]
[EventCountry "POL"]
[SourceTitle "EXT 2023"]
[Source "ChessBase"]
[SourceDate "2022.10.05"]
[SourceVersion "1"]
[SourceVersionDate "2022.10.05"]
[SourceQuality "1"]

1. d4 Nf6 2. c4 e6 3. Nc3 Bb4 4. f3 d5 5. a3 Bd6 6. c5 Be7 7. e4 dxe4 8. fxe4 e5 9. dxe5 Qxd1+ 10. Nxd1 Nxe4 11. b4 b6 12. cxb6 axb6 13. Bb2 f6 14. Nf3 1/2-1/2

[Event "Szachylice op"]
[Site "Szachylice"]
[Date "2009.12.29"]
[Round "4.4"]
[White "Hryszkiewicz, Michal"]
[Black "Zalewski, Daniel"]
[Result "1-0"]
[WhiteElo "1800"]
[BlackElo "1800"]
[PlyCount "155"]
[EventDate "2009.12.27"]
[EventType "swiss"]
[EventRounds "9"]
[EventCountry "POL"]
[SourceTitle "EXT 2023"]
[Source "ChessBase"]
[SourceDate "2022.10.05"]
[SourceVersion "1"]
[SourceVersionDate "2022.10.05"]
[SourceQuality "1"]

1. d4 g6 2. c4 Bg7 3. Nc3 c5 4. d5 d6 5. e4 e5 6. Bd3 Ne7 7. Nf3 0-0 8. 0-0 f5 9. a3 Nd7 10. b4 b6 11. Ng5 Nf6 12. bxc5 bxc5 13. Bd2 h6 14. Nf3 f4 15. Qa4 a6 16. Rfb1 Bd7 17. Qd1 g5 18. h3 Qe8 19. Rb6 Qh5 20. Nh2 Qg6 21. Rxd6 Nc8 22. Rxd7 Nxd7 23. Qg4 Qf7 24. Rb1 Nd6 25. Na4 Rab8 26. Rxb8 Rxb8 27. Qe6 Qxe6 28. dxe6 Nb6 29. Nxc5 Nbxc4 30. Bc3 Re8 31. Bb1 Rc8 32. Na4 Nxa3 33. Ba2 Kh7 34. f3 Nab5 35. Bb4 Rc1+ 36. Nf1 Bf8 37. Nb6 Kg6 38. Nd7 Bg7 39. Bd5 Rc7 40. Nd2 Ne8 41. Nc4 Nd4 42. Ba5 Rc8 43. Bb6 Nc6 44. Bc5 Nd8 45. Ncb6 Rc7 46. Na4 Nb7 47. Bb6 Rc1+ 48. Kf2 Nbd6 49. Nac5 Rc2+ 50. Kg1 Rc1+ 51. Kh2 Nc4 52. Nd3 Nxb6 53. Nxc1 Nc8 54. Bb7 Ne7 55. Bxa6 Nc6 56. Bb5 Nd4 57. Nxe5+ Bxe5 58. Bxe8+ Kf6 59. Bd7 Nxe6 60. Bxe6 Kxe6 61. Kg1 Bd6 62. Nd3 Bf8 63. Kf2 Bg7 64. Ke2 Bd4 65. Kd2 Bg7 66. Kc2 Kd6 67. Kb3 Kc6 68. Kc4 Kd6 69. Nc1 Ke5 70. Nb3 h5 71. Nc1 Bf8 72. Nd3+ Kd6 73. e5+ Ke6 74. Kd4 Bg7 75. Ke4 Bf8 76. h4 gxh4 77. Nxf4+ Kf7 78. Kf5 1-0